[Event "Buenos Aires zt 2.5"]
[Site "Buenos Aires"]
[Date "2000.??.??"]
[Round "8"]
[White "Zarnicki, Pablo Adrian"]
[Black "Spangenberg, Hugo"]
[Result "1/2-1/2"]
[WhiteElo "2488"]
[BlackElo "2542"]
[PlyCount "32"]
[EventDate "2000.07.26"]
[EventType "swiss"]
[EventRounds "9"]
[EventCountry "ARG"]
[SourceTitle "CBM 079"]
[Source "ChessBase"]
[SourceDate "2000.11.21"]
[SourceVersion "1"]
[SourceVersionDate "2000.11.21"]
[SourceQuality "1"]

1. Nf3 Nf6 2. c4 c5 3. Nc3 Nc6 4. g3 g6 5. Bg2 Bg7 6. 0-0 0-0 7. b3 d5 8. cxd5 Nxd5 9. Bb2 Nxc3 10. dxc3 Bf5 11. Qxd8 Rfxd8 12. Rfd1 Be4 13. Ne1 Bxg2 14. Kxg2 Kf8 15. Nd3 b6 16. Nf4 e6 1/2-1/2

[Event "ARG-ch Najdorf Memorial"]
[Site "Buenos Aires"]
[Date "1999.12.05"]
[Round "13"]
[White "Spangenberg, Hugo"]
[Black "Zarnicki, Pablo Adrian"]
[Result "1/2-1/2"]
[WhiteElo "2531"]
[BlackElo "2497"]
[PlyCount "62"]
[EventDate "1999.11.19"]
[EventType "tourn"]
[EventRounds "13"]
[EventCountry "ARG"]
[EventCategory "9"]
[SourceTitle "CBM 074"]
[Source "ChessBase"]
[SourceDate "2000.02.01"]
[SourceVersion "1"]
[SourceVersionDate "2000.02.01"]
[SourceQuality "1"]

1. e4 e6 2. d4 d5 3. exd5 exd5 4. Nf3 Nf6 5. Bd3 Bd6 6. 0-0 0-0 7. Bg5 Bg4 8. Nbd2 Nbd7 9. c3 c6 10. Qc2 Qc7 11. h3 Bh5 12. Rfe1 Rfe8 13. Rxe8+ Rxe8 14. Re1 Rxe1+ 15. Nxe1 Bg6 16. Bxg6 hxg6 17. Nef3 Bf4 18. Bxf4 Qxf4 19. g3 Qf5 20. Qxf5 gxf5 21. Kf1 Kf8 22. Ke2 Ke7 23. Ke3 g6 24. Ne1 Ne4 25. Nxe4 fxe4 26. f3 f5 27. Ng2 Kf6 28. h4 Nf8 29. Nf4 Ne6 30. Nxe6 Kxe6 31. g4 Kf6 1/2-1/2

[Event "ARG-ch Najdorf Memorial"]
[Site "Buenos Aires"]
[Date "1999.11.23"]
[Round "5"]
[White "Ricardi, Pablo"]
[Black "Spangenberg, Hugo"]
[Result "1-0"]
[WhiteElo "2474"]
[BlackElo "2531"]
[PlyCount "74"]
[EventDate "1999.11.19"]
[EventType "tourn"]
[EventRounds "13"]
[EventCountry "ARG"]
[EventCategory "9"]
[SourceTitle "CBM 074"]
[Source "ChessBase"]
[SourceDate "2000.02.01"]
[SourceVersion "1"]
[SourceVersionDate "2000.02.01"]
[SourceQuality "1"]

1. e4 c5 2. Nf3 Nc6 3. d4 cxd4 4. Nxd4 Qb6 5. Nb3 Nf6 6. Nc3 e6 7. Be2 a6 8. 0-0 Qc7 9. f4 d6 10. a4 b6 11. Qe1 Be7 12. e5 dxe5 13. fxe5 Nxe5 14. Bf4 Nfd7 15. Rd1 g5 16. Bg3 h5 17. Bf3 Ra7 18. Kh1 g4 19. Rxd7 Qxd7 20. Qxe5 f6 21. Qe4 gxf3 22. Rd1 f5 23. Rxd7 Rxd7 24. Qe5 Rg8 25. gxf3 h4 26. Bxh4 Bb7 27. Bg3 Bxf3+ 28. Kg1 Kf7 29. a5 Bf6 30. Qe3 Ba8 31. axb6 e5 32. Nc5 f4 33. Qe2 fxg3 34. Qh5+ Ke7 35. Nxd7 gxh2+ 36. Kxh2 Rg2+ 37. Kh3 Kxd7 1-0

[Event "ARG-ch Najdorf Memorial"]
[Site "Buenos Aires"]
[Date "1999.11.21"]
[Round "3"]
[White "Hoffman, Alejandro"]
[Black "Spangenberg, Hugo"]
[Result "1-0"]
[WhiteElo "2524"]
[BlackElo "2531"]
[PlyCount "61"]
[EventDate "1999.11.19"]
[EventType "tourn"]
[EventRounds "13"]
[EventCountry "ARG"]
[EventCategory "9"]
[SourceTitle "CBM 074"]
[Source "ChessBase"]
[SourceDate "2000.02.01"]
[SourceVersion "1"]
[SourceVersionDate "2000.02.01"]
[SourceQuality "1"]

1. d4 d6 2. c4 e5 3. d5 g6 4. e4 h5 5. Nc3 Bh6 6. h4 a5 7. Nf3 Na6 8. Be2 Nc5 9. g3 Bd7 10. b3 Kf8 11. Kf1 Kg7 12. Kg2 Qb8 13. Ng5 f6 14. Be3 Kf8 15. f4 exf4 16. gxf4 fxg5 17. fxg5 Bg7 18. Rf1+ Ke8 19. Bd4 Be5 20. Bxe5 dxe5 21. Qe1 Ne7 22. Qf2 b6 23. Qf6 Rg8 24. d6 Kd8 25. dxe7+ Kc8 26. Qxe5 Kb7 27. Nd5 c6 28. Qxb8+ Raxb8 29. Nf6 Rg7 30. Rad1 Kc7 31. Rxd7+ 1-0

[Event "ARG-ch Najdorf Memorial"]
[Site "Buenos Aires"]
[Date "1999.11.19"]
[Round "1"]
[White "Giaccio, Alfredo Gustavo"]
[Black "Spangenberg, Hugo"]
[Result "0-1"]
[WhiteElo "2505"]
[BlackElo "2531"]
[PlyCount "84"]
[EventDate "1999.11.19"]
[EventType "tourn"]
[EventRounds "13"]
[EventCountry "ARG"]
[EventCategory "9"]
[SourceTitle "CBM 074"]
[Source "ChessBase"]
[SourceDate "2000.02.01"]
[SourceVersion "1"]
[SourceVersionDate "2000.02.01"]
[SourceQuality "1"]

1. e4 c5 2. Nf3 Nc6 3. d4 cxd4 4. Nxd4 e6 5. Nc3 Qc7 6. f4 a6 7. Nxc6 Qxc6 8. Bd3 b5 9. Qe2 Bb7 10. Bd2 Nf6 11. e5 b4 12. exf6 bxc3 13. Bxc3 gxf6 14. 0-0-0 Rg8 15. g3 Qa4 16. b3 Qxa2 17. Be4 Rc8 18. Kd2 Rxc3 19. Ra1 Qb2 20. Rhb1 Rxc2+ 21. Bxc2 Bb4+ 22. Ke3 Bc5+ 23. Kd2 Bb4+ 24. Ke3 Bc5+ 25. Kd2 Qd4+ 26. Kc1 Qc3 27. Rb2 Be3+ 28. Kb1 Bd4 29. Raa2 Ke7 30. Bd3 Rc8 31. Qd2 Qc5 32. Rc2 Bc3 33. Qd1 Qb4 34. Rf2 Bd5 35. Bc2 f5 36. Ra4 Qc5 37. Qe2 Bf6 38. Qd2 Bc3 39. Qe2 Bd4 40. Rf1 Qc3 41. Rxd4 Qxd4 42. Rd1 Qc3 0-1